Loading...
| Literature - American Literature | 2 | 3 | 0 | 0 | 60 | 49 | 93.40 | 1 | 4 |
| Social Science | 0 | 5 | 0 | 1 | 50 | 69 | 100.80 | 2 | 4 |
| Beliefs | 1 | 4 | 2 | 1 | 45 | 56 | 115.00 | 2 | 5 |
| Literature - European Literature | 1 | 3 | 0 | 0 | 45 | 65 | 97.75 | 1 | 3 |
| Literature - British Literature | 0 | 5 | 1 | 0 | 45 | 93 | 107.60 | 1 | 2 |
| World and Other Literature | 1 | 2 | 1 | 2 | 30 | 92 | 128.00 | 0 | 3 |
| History - World History | 0 | 3 | 0 | 1 | 30 | 74 | 104.00 | 1 | 3 |
| Science - Biology | 0 | 3 | 0 | 0 | 30 | 103 | 113.67 | 0 | 2 |
| Ancient History and Archaeology | 0 | 3 | 0 | 0 | 30 | 91 | 108.00 | 0 | 2 |
| Philosophy | 0 | 3 | 1 | 1 | 25 | 104 | 115.67 | 0 | 0 |
| Science - Chemistry | 0 | 2 | 0 | 0 | 20 | 69 | 79.00 | 1 | 1 |
| Fine Arts - Visual Fine Arts | 0 | 1 | 0 | 0 | 10 | 103 | 103.00 | 0 | 0 |
| History - European History | 0 | 1 | 0 | 0 | 10 | 80 | 80.00 | 0 | 0 |
| British and Commonwealth History | 0 | 1 | 0 | 0 | 10 | 72 | 72.00 | 0 | 1 |
| Chemistry> | 0 | 1 | 0 | 0 | 10 | 70 | 70.00 | 0 | 1 |
| History - American History | 0 | 1 | 1 | 0 | 5 | 116 | 116.00 | 0 | 0 |